000 00396 a2200109 4500
100 1 _aRan'kis, I.Ja..
_eAutor
245 0 _aOptimizacija parametrov tiristornych sistem impul'snogo regulirovanija tjagovogo elektroprivodo /
_cRan'kis I.Ja..
710 2 _aZinatne.
_eWydawca
_4pbl
260 _aRiga :
_bZinatne,
_c1985.
300 _a183 s.:
_bil.;
_c21 cm.
490 1 _aUkłady Tranzystorowe
830 0 _aUkłady Tranzystorowe
999 _c10796
_d10796